000 00336 a2200109 4500
001 ART_41781
005 20260410161814.0
008 260409a
245 1 0 _aInserciones de la literatura en la enseñanza del derecho
100 1 _aCardinaux, Nancy
773 0 _tAcademia
_g- Año 13, Nº 25 (ene./jun. 2015)
_wREV4314
999 _c21700
_d21700